01285nam a2200229 i 450000100060000000300090000600500170001500700030003200800410003524501590007626000420023530002900027750001890056765000390075665000360079570000380083170000180086970000360088770000450092370000110096885200760097926416ES-MaACL20250928115754.0t|030109m17691974fr ||||1| lat d00aArtis medica principes b: Hippocrates, Aretaeus, Alexander, Aurelianus, Celsus, Rhazis|crecensuit, praefatus est Albertus de Haller ... ; tomus I [- XI]. aLausanne : bGrasset-Pott, c1769-74. a11 v. (XI, [1], [2] en bl., 498 p. ; [6], [2] en bl., 478 p. ; [6], 450 p. ; XII, 418 p. ; LXXXVI, [1] h. en bl., 291, [21] p. ; LXIV, 430, [1] p., [1] en bl. ; [2] h., 419 p., [1] en bl. ; XXIV, 360 p. ; [2] h., 251 p., [1] en bl. ; XLIV, 307 p., [1] en bl. ; VIII, 470 p.) ; c20 cm. aLos textos de Hipócrates ocupan los v. 1-4; los de Alexandre de Tralles (traducidos por Johann Winter) en los v. 6-7; los textos de Rhazis en v. 7-9; y los de Aurelianus, en v. 9-11.04aMedicina-vObras anteriores a 180007aMedicina griega y romana2embne1 aHaller, Albrecht von, d1708-17770 aHipócrates.1 aAlexandre de Tralles, d525-6051 aRazi, Muhammad ibn Zakariya Abu Bakr al-0 aCelso. aES-MaACLjR-941-51 z.- Ex libris de Mateo Seoane x Olim: G-9607-17